UM Logo

Introduction to special education : (Record no. 7062)

MARC details
000 -LEADER
fixed length control field 00736nam a2200193 4500
008 - FIXED-LENGTH DATA ELEMENTS--GENERAL INFORMATION
fixed length control field 170720b xxu||||| |||| 00| 0 eng d
020 ## - INTERNATIONAL STANDARD BOOK NUMBER
International Standard Book Number 0-205-15771-8 (alk. paper)
082 ## - DEWEY DECIMAL CLASSIFICATION NUMBER
Edition number 1995
Classification number DC 371.90973
Item number Sm6
100 ## - MAIN ENTRY--PERSONAL NAME
9 (RLIN) 21359
Personal name Smith, Deborah Deutsch
245 ## - TITLE STATEMENT
Title Introduction to special education :
Remainder of title teaching in an age of challenge /
Statement of responsibility, etc. Deborah Deutsch Smith, Ruth Luckasson
250 ## - EDITION STATEMENT
Edition statement Second Edition
260 ## - PUBLICATION, DISTRIBUTION, ETC. (IMPRINT)
Place of publication, distribution, etc. Boston :
Name of publisher, distributor, etc. Allyn and Bacon,
Date of publication, distribution, etc. c1995.
300 ## - PHYSICAL DESCRIPTION
Extent xvii, 629 pages :
Other physical details illustrations (some col.) ;
Dimensions 27 cm.
500 ## - GENERAL NOTE
General note Includes bibliographical references and indexes,
650 #0 - SUBJECT ADDED ENTRY--TOPICAL TERM
9 (RLIN) 21360
Topical term or geographic name as entry element Special education -- United States
700 ## - ADDED ENTRY--PERSONAL NAME
9 (RLIN) 21361
Personal name Luckasson, Ruth
365 ## - TRADE PRICE
Price amount 2,448.00
Currency code Php
942 ## - ADDED ENTRY ELEMENTS (KOHA)
Source of classification or shelving scheme Dewey Decimal Classification
Koha item type Circulation
Holdings
Withdrawn status Lost status Source of classification or shelving scheme Damaged status Not for loan Collection code Home library Current library Shelving location Date acquired Source of acquisition Cost, normal purchase price Total Checkouts Full call number Barcode Date last seen Date last checked out Copy number Price effective from Koha item type
    Dewey Decimal Classification     Circulation UM Digos College - LIC UM Digos College - LIC Book Cart 04/03/2000 Purchased 2448.00 1 DC 371.90973 Sm6 1995 14099 05/15/2025 09/02/2019 1 07/20/2017 Circulation